000 00906nam a2200241 i 4500
001 153875
003 ES-MaACL
005 20230906205420.0
008 190122s1958 sp |||| | spa d
100 1 _aRichter, Alfred.
_9166032
245 1 0 _aTécnica de la iluminación eléctrica /
_cpor Alfred Richter ; traducción ampliada de la tercera edición alemana por Estanislao Rodríguez ; revisada, ampliada y puesta al día por B.D. Aloy Fló.
250 _a4ª ed.
260 _aBarcelona :
_bLabor,
_c1958.
300 _aXII, 393 p. :
_bil. ;
_c24 cm.
490 1 _aLa escuela del técnico electricista ;
_v9
504 _aBibliografía: p. [387]. Índice.
650 0 4 _aLuminotecnia.
_914715
650 4 _aFotometría.
_9166033
700 0 _aAloy y Flo, David B.
_920455
830 0 _aLa escuela del técnico electricista ;
_v9
_9187813
852 _aES-MaACL
_jP-317-5
999 _c153875
_d153875